00374nam a2200109Ia 450000500170000000800410001710000300005824501110008826000280019930000110022765000260023820260328101451.0260328s9999||||xx |||||||||||||| ||und|| aMoleón Gavilanes, Pedro 0aAlcalá de Henares :b Arquitectura para una Ciudad y universidad recuperadas /cPedro Moleón Gavilanes bUniversidad de Alcalá a137 p. aARQUITECTURA REGIONAL